Aktivita plnív v gumárenských zmesiach

Na minha lista:
Detalhes bibliográficos
Autor principal: Koľ, Miroslav
Formato: Livro
Idioma:eslovaco
Publicado em: Bratislava STU FCHPT 2007
Acesso em linha:View in OPAC
Tags: Adicionar Tag
Sem tags, seja o primeiro a adicionar uma tag!

MARC

LEADER 00000nam a2200000 a 4500
005 20260127134251.0
008 060607 2006 xo 000 0 slo d
035 |a vtls009082915 
039 9 |y 200707260951  |z mschk03 
040 |a STUSCHK1  |b slo  |c STUSCHK1  |e AACR2 
100 1 |a Koľ, Miroslav 
245 1 |a Aktivita plnív v gumárenských zmesiach  |c Miroslav Koľ 
260 |a Bratislava  |b STU FCHPT  |c 2007 
300 |a 63 s.  |b obr.,tab.,grafy, lit.  |c 29 cm 
500 |a Obháj.: 4.6. 2007 
500 |a Špec.: Polymérne materiály 
500 |a Ústav polymérnych materiálov 
910 |a SCHK95 
999 |c 8313  |d 8313